Представление документа в формате MARC21

Поле Инд. ПП Название Значение
Тип записи a
Библиографический уровень m
001 Контрольный номер b01cc45d-03ce-42b5-bf33-7ff1bf1ebb62
005 Дата корректировки 20210922081505.2
020 a ISBN 5-270-00965-X (в пер.)
040 a Служба первич. каталог. RuMoRKP
a Служба первич. каталог. НБ ТвГУ
041 00 a Код языка текста rus
080 00 a Индекс УДК 929Грибоедов
a Индекс УДК 821.161.1.09
084 a Индекс другой классификации/Индекс ББК Ш5(2=411.2)51-4Грибоедов А.С.
090 a Полочн. индекс Ш5(2=411.2)
x Авторский знак М 56
100 1_ a Автор Мещеряков Виктор Петрович
e Роль лиц Автор
245 00 a Заглавие Жизнь и деяния Александра Грибоедова
c Ответственность В. П. Мещеряков
260 a Место издания Москва
b Издательство Современник
c Дата издания 1989
300 a Объем 476,[2] с.
b Иллюстрации/ тип воспроизводства ил.
c Размеры 22 см
440 _0 a Серия Библиотека "Любителям российской словесности"
504 a Библиография Библиогр.: с. 473-477
653 0_ a Ключевые слова 19 в.
a Ключевые слова Грибоедов Александр Сергеевич
a Ключевые слова Литература
a Ключевые слова Писатели
a Ключевые слова Русская литература 19 в.
a Ключевые слова Русские писатели 19 в.
852 41 i Расстановочный признак Проверка 2021
901 t Тип документа m
920 a Оператор Лиси
a Оператор Суха
a Оператор Семен
930 a Новая/Ретро ретро
952 c Вид литературы К рн
954 a Дата поступления на обработку 20110726
e Дата перешифровки 20210610
954 a Дата поступления на обработку 20200424
e Дата перешифровки 20210922